Learning from 50 years of cost planning (Record no. 68567)
[ view plain ]
| 000 -LEADER | |
|---|---|
| fixed length control field | 01129cam a2200241 4500 |
| 001 - CONTROL NUMBER | |
| control field | ABS64628 |
| 008 - FIXED-LENGTH DATA ELEMENTS--GENERAL INFORMATION | |
| fixed length control field | 011016n2001 000 0 eng u |
| 035 ## - SYSTEM CONTROL NUMBER | |
| System control number | (Sirsi) u115130 |
| 100 ## - MAIN ENTRY--PERSONAL NAME | |
| Personal name | Martin, J. |
| 245 ## - TITLE STATEMENT | |
| Title | Learning from 50 years of cost planning |
| 260 ## - PUBLICATION, DISTRIBUTION, ETC. | |
| Date of publication, distribution, etc. | 2001 |
| 490 ## - SERIES STATEMENT | |
| Series statement | CSM |
| -- | Chartered Surveyor Monthly |
| Volume/sequential designation | (October 2001) 31(2) |
| 520 ## - SUMMARY, ETC. | |
| Summary, etc. | Discusses the growing relevance of elemental cost planning. Compares today's drive towards better buildings for less money with the Ministry of Education's first bulletin which introduced the concept fifty years ago. Mentions Private Finance Initiative schemes and the provider's ability to control costs. Explains the standardisation of the elements into the standard form of cost analysis to allow the building profession to store and make greater and more useful cost information for the future. |
| 590 ## - LOCAL NOTE (RLIN) | |
| Local note | ABS |
| 650 ## - SUBJECT ADDED ENTRY--TOPICAL TERM | |
| Topical term or geographic name entry element | COST PLANNING |
| 650 ## - SUBJECT ADDED ENTRY--TOPICAL TERM | |
| Topical term or geographic name entry element | BCIS |
| 650 ## - SUBJECT ADDED ENTRY--TOPICAL TERM | |
| Topical term or geographic name entry element | PFI |
| 650 ## - SUBJECT ADDED ENTRY--TOPICAL TERM | |
| Topical term or geographic name entry element | ELEMENTAL COST ANALYSIS |
| 650 ## - SUBJECT ADDED ENTRY--TOPICAL TERM | |
| Topical term or geographic name entry element | BRITISH STANDARDS |
| 650 ## - SUBJECT ADDED ENTRY--TOPICAL TERM | |
| Topical term or geographic name entry element | STANDARD FORM OF COST ANALYSIS |
| 690 ## - LOCAL SUBJECT ADDED ENTRY--TOPICAL TERM (OCLC, RLIN) | |
| Topical term or geographic name as entry element | BUILT ENVIRONMENT-BUILDING COSTS |
| 942 ## - ADDED ENTRY ELEMENTS (KOHA) | |
| Suppress in OPAC | 0 |
| Withdrawn status | Lost status | Source of classification or shelving scheme | Damaged status | Not for loan | Home library | Current library | Shelving location | Date acquired | Total Checkouts | Full call number | Barcode | Date last seen | Copy number | Price effective from | Koha item type |
|---|---|---|---|---|---|---|---|---|---|---|---|---|---|---|---|
| Dewey Decimal Classification | London | London | Journal article | 16/10/2001 | ABS64628 | 115130-1001 | 06/08/2019 | 1 | 06/08/2019 | Journal article |